[Ariae ecclesiasticae : Organum]

Korporativní autor: Klášter františkánů (Dačice, Česko)
Jazyk: Latina
Témata:
Externí odkaz: Digitalizovaný dokument
Fyzický popis: 126 stran ; 17,5 x 22 cm
Hudebniny Hudebniny
Uloženo v:
LEADER 02728ndm 2200529 i 4500
001 mzk03001281562
005 20230606105004.0
008 230602q17011800xr cce f ||| lat d
040 |a BOA001  |b cze  |e rda 
043 |a e-xr---  |b e-xr-cc  |2 czenas 
048 |a zn01 
048 |a va01 
048 |a vf01 
072 7 |a 783  |x Církevní hudba. Duchovní hudba. Náboženská hudba  |2 czenas  |9 [9] 
080 |a 78.087  |2 MRF 
080 |a (0.032)78  |2 MRF 
245 0 1 |a [Ariae ecclesiasticae :  |b Organum] 
264 0 |a [Dačice?],  |c [mezi 1701? a 1800?] 
300 |a 126 stran ;  |c 17,5 x 22 cm 
336 |a zápis hudby  |b ntm  |2 rdacontent 
337 |a bez média  |b n  |2 rdamedia 
338 |a svazek  |b nc  |2 rdacarrier 
382 |a nespecifikované nástroje  |n 1  |s 3 
382 |a sopránový hlas  |n 1  |s 3 
382 |a basový hlas  |n 1  |s 3 
500 |a Nespecifikovaný hlas (zapsaný ve formě particella) ze souboru hlasů uloženého pod signaturami D-0000.127 až D-0000.129 
500 |a Název převzatý ze soupisu V. Dokoupila a P. Bara 
500 |a Svazek později označen tužkou jako Organum 
500 |a Název převzatý ze soupisu V. Dokoupila a P. Bara 
500 |a Poznámka V. Dokoupila a P. Bara: Toto particello sleduje na jedné osnově melodický průběh předehry a zpěvu v jednohlasé notaci v klíči sopránovém [melodie zpěvu sopránu], basovém [melodie zpěvu basu] nebo houslovém [melodie předeher a meziher]; rozhodně nemá toto particello ráz organa nebo generálbasu. Z toho plyne, že není jasné, zda toto dílo, co se týče hlasů, je kompletní 
500 |a Na straně 126 a na zadní předsádce obsah rukopisu, psaný tužkou až ve 20. století 
500 |a Obsahuje 22 árií pro sólový soprán, 22 árií pro sólový bas a 2 duety pro soprán a bas 
500 |a Notace: moderní 
510 4 |a Dokoupil, V. - Bar, P. Soupis rukopisů dačických františkánů,  |c s. 129-131 
563 |a Kožená vazba, lepenkové desky potažené barevným papírem, zeleně barvený usňový hřbet 
655 7 |a hlasy  |7 fd186703  |2 czenas 
655 7 |a hudební rukopisy  |7 fd278469  |2 czenas 
710 2 |a Klášter františkánů (Dačice, Česko)  |7 ko2012680614  |4 own 
856 4 1 |u http://www.digitalniknihovna.cz/mzk/view/uuid:260ee79a-5a89-4537-b1c2-0048d500c33f  |y Digitalizovaný dokument 
910 |a SVE951  |b D-0000.128 
982 2 |a Klášter františkánů (Dačice, Česko)  |7 ko2012680614 
982 2 |a Klášter františkánů (Dačice, Česko)  |7 ko2012680614 
985 |a 1701-1750 
985 |a 1751-1800 
990 |a MU 
991 |k dacice 
996 6 |b 4584203178  |c D-0000.128  |l stud. ST  |r Sklad / do násl. otevíracího dne  |n 0  |w 001928062  |u 000010  |a 1  |e BOA001  |s P